مدخل الى الفلسفة بنظرة اجتماعية

Bibliographic Details
Main Author: عبد الرحيم, عبد المجيد (Author)
Format: Book
Published: Qahirah : Maktabat al-Nahdat al-Islamiyah , 1976
Subjects:

MARC

LEADER 00000cam a2200000 7i4500
001 0000000349
005 20040713093000.0
008 021118s1976
090 0 0 |a B123.H8   |b A723 
100 0 |a عبد الرحيم, عبد المجيد ,   |e author 
245 1 0 |a مدخل الى الفلسفة بنظرة اجتماعية   |c عبد المجيد عبد الرحيم 
260 2 |a Qahirah :   |b Maktabat al-Nahdat al-Islamiyah ,   |c 1976 
300 |a 414 p. ;   |c 23 cm. 
504 |a Bibliography (p. 417-423) 
650 0 |a Philosophy, Ancient 
650 0 |a Philosophy   |x History 
650 0 |a Thought and thinking 
745 0 0 |a Madkhal ila al-falsafah bi nazarah ijtimaiyah 
999 |a 1000012884   |b Book   |c OPEN SHELF (30 DAYS)   |e Gong Badak Campus 
999 |a 1000012885   |b Book   |c OPEN SHELF (30 DAYS)   |e Gong Badak Campus